Catalog

Record Details

Catalog Search



The exercises of practical life  Cover Image Book Book

The exercises of practical life / by Albert M. Joosten ; edited by Rajendra K. Gupta

Record details

  • Physical Description: 26 stran ; 28 cm
  • Publisher: San Leandro : Montessori research and development center, [2003]

Available copies

  • 1 of 1 copy available at Common Catalog SPOK.

Holds

  • 0 current holds with 1 total copy.
Show Only Available Copies
Location Call Number / Copy Notes Barcode Shelving Location Status Due Date
Montessori Library KNI0325 4614600325 Chodba Available -

LDR nam a22 i 4500
00146760
003CZ-PrJAB
00520200722063853.0
007ta
008 s2003 xxu e 000 0 eng
035 . ‡a(CZ-PrJAB)46759
040 . ‡aABG312 ‡bcze ‡erda
1001 . ‡aJoosten, Albert M. ‡4aut
24510. ‡aThe exercises of practical life / ‡cby Albert M. Joosten ; edited by Rajendra K. Gupta
264 1. ‡aSan Leandro : ‡bMontessori research and development center, ‡c[2003]
300 . ‡a26 stran ; ‡c28 cm
336 . ‡atext ‡btxt ‡2rdacontent
338 . ‡asvazek ‡bnc ‡2rdacarrier
7001 . ‡aGupta, Rajendra K. ‡4edt
910 . ‡aABG323
901 . ‡a46760 ‡bCZ-PrJAB ‡c46760 ‡tbiblio

Additional Resources